Investičné bubliny boli, sú a vždy aj budú

S Marekom Kudzbelom, predsedom predstavenstva a generálnym riaditeľom FIMEX Capital o. c. p., a.s. o diferenciácii, diverzifikácii a nových technológiách.

Gespeichert in:
Bibliographische Detailangaben
1. Verfasser: Škriniar, Pavel, 1979-
Format: Buchkapitel
Sprache:Slowakisch
Schlagworte:
Tags: Tag hinzufügen
Keine Tags, Fügen Sie das erste Tag hinzu!

MARC

LEADER 00000naa$a2200000$$$4500
001 0098530
005 20240502072104.1
041 0 |a slo 
044 |a SK 
245 1 0 |a Investičné bubliny boli, sú a vždy aj budú  |c Pavel Škriniar 
520 |a S Marekom Kudzbelom, predsedom predstavenstva a generálnym riaditeľom FIMEX Capital o. c. p., a.s. o diferenciácii, diverzifikácii a nových technológiách. 
610 2 0 |a investovanie 
610 2 0 |a investori 
610 2 0 |a diverzifikácia 
610 2 0 |a kríza hospodárska 
610 2 0 |a komodity 
610 2 0 |a obchod 
610 2 0 |a osobnosť 
100 1 |a Škriniar, Pavel, 1979-